| 000 | 00723cab a2200241 4500 | ||
|---|---|---|---|
| 001 | WB2923-54 | ||
| 008 | 090401t1993 xxu||||| |||| 00| 0 eng d | ||
| 035 | _a(Sirsi) u54506 | ||
| 041 | _aeng | ||
| 245 | _aBeirut bids take off | ||
| 260 | _c1993 | ||
| 350 | _a0 | ||
| 490 |
_aNew Builder _v(178) 11 June 1993, 8 |
||
| 490 |
_aFinancial Times _v15 June 1993, 5(2) |
||
| 520 | _aThe prospect of rebuilding war-ravaged Beirut, 18 months after hostilities ceased, is beginning to excite the interest of international contractors. | ||
| 650 | _aLEBANON | ||
| 650 | _aMIDDLE EAST | ||
| 650 | _aRECONSTRUCTION | ||
| 650 | _aWAR DAMAGE | ||
| 690 | _aOVERSEAS-REST OF THE WORLD | ||
| 942 | _n0 | ||
| 948 | _c04/03/1997 | ||
| 999 |
_c33408 _d33408 |
||